An Examlpe Of All / (Record no. 37502)
[ view plain ]
| 000 -LEADER | |
|---|---|
| fixed length control field | 00604nam a22002057a 4500 |
| 005 - DATE AND TIME OF LATEST TRANSACTION | |
| control field | 20100724112740.0 |
| 010 ## - LCCN (DPL NO) | |
| LC control number | ENG-96500 |
| 020 ## - INTERNATIONAL STANDARD BOOK NUMBER | |
| Terms of availability | 150.00 |
| 035 ## - SYSTEM CONTROL NUMBER | |
| System control number | EN-80033 |
| 037 ## - SOURCE OF ACQUISITION | |
| Source of stock number/acquisition | DBAD/PUB |
| 082 ## - DEWEY DECIMAL CLASSIFICATION NUMBER | |
| Classification number | 921 |
| 100 ## - MAIN ENTRY--PERSONAL NAME | |
| Personal name | Joshi, P G |
| 245 ## - TITLE STATEMENT | |
| Title | An Examlpe Of All / |
| Statement of responsibility, etc | by Joshi, P G |
| 250 ## - EDITION STATEMENT | |
| Edition statement | 1995 |
| 260 ## - PUBLICATION, DISTRIBUTION, ETC. (IMPRINT) | |
| Place of publication, distribution, etc | Maharashtra |
| Name of publisher, distributor, etc | M J Nalawade |
| 270 ## - ADDRESS | |
| Address | c/o 16,Budhwar Peth, |
| City | Pune |
| Postal code | 411002 |
| 300 ## - PHYSICAL DESCRIPTION | |
| Extent | 303p. |
| Dimensions | 22cm (pbk) |
| 942 ## - ADDED ENTRY ELEMENTS (KOHA) | |
| Source of classification or shelving scheme | Dewey Decimal Classification |
| Item type | English Books |
| Call number suffix | JOS |
| Classification part | 921 |
| Withdrawn status | Lost status | Not for loan | Collection code | Home library | Current library | Date acquired | Source of acquisition | Cost, normal purchase price | Full call number | Barcode | Copy number | Cost, replacement price | Koha item type |
|---|---|---|---|---|---|---|---|---|---|---|---|---|---|
| Not For Loan | Non-fiction | D.B.Act.Division | D.B.Act.Division | 24/07/2010 | DBAD/PUB | 150.00 | JOS | EN-80033 | 1 | 150.00 | English Books |
